000 00285nam a2200121Ia 4500
008 190216s9999||||xx |||||||||||||| ||und||
100 _aKuzhippangad K N
245 0 _aEa Bhoomiyile Nimishangal
260 _bPoorna Pubs Kozhikode
300 _a166
650 _aKathakal
942 _cBK
999 _c27214
_d27214